Bliski Wschód - kraje - Statystyki

Ogólne statystyki
  • Ten quiz został rozwiązany 1 442 razy
  • Średni wynik to 14 z 17
Odpowiedzi na mapie
Odpowiedzi zakodowano w zielono-czerwonej skali na mapie do tego quizu, zgodnie z poniższymi procentami.
 
Statystyki odpowiedzi
Country % Poprawnych
Iran
94%
Irak
93%
Arabia Saudyjska
92%
Izrael
91%
Oman
87%
Turcja
87%
Egipt
86%
Jemen
84%
Katar
82%
Zjednoczone Emiraty Arabskie
82%
Syria
80%
Jordania
79%
Kuwejt
71%
Liban
69%
Palestyna
68%
Bahrajn
64%
Cypr
61%
Nie znaleziono quizów pasujących do podanych kryteriów
Rozkład punktacji
Procent ludzi z każdym wynikiem
Percentyl według liczby udzielonych odpowiedzi
Twoja historia wyników
Nie rozwiązałeś tego quizu